Los revolucionarios del mundo (Record no. 140516)

MARC details
000 -LEADER
campo de control de longitud fija 00690nam a2200205 4500
001 - NÚMERO DE CONTROL
campo de control 140516
003 - IDENTIFICADOR DE NÚMERO DE CONTROL
campo de control ES-MaACL
007 - CAMPO FIJO DE DESCRIPCIÓN FÍSICA--INFORMACIÓN GENERAL
campo de control de longitud fija t|
008 - DATOS DE LONGITUD FIJA--INFORMACIÓN GENERAL
campo de control de longitud fija 070214s1953 sp r ||||1| spa d
100 1# - ENTRADA PRINCIPAL--NOMBRE DE PERSONA
Nombre de persona Seifert, Josef Leo.
9 (RLIN) 105253
245 14 - MENCIÓN DEL TÍTULO
Título Los revolucionarios del mundo
Resto del título : (de Bogomil a Lenin, a través de Hus) /
Mención de responsabilidad, etc. Josef Leo Seifert ; [versión española de Jesús Ruiz y Ruiz].
250 ## - MENCION DE EDICION
Mención de edición 1ª ed.
260 ## - PUBLICACIÓN, DISTRIBUCIÓN, ETC.
Lugar de publicación, distribución, etc. Barcelona :
Nombre del editor, distribuidor, etc. Luis de Caralt,
Fecha de publicación, distribución, etc. 1953.
300 ## - DESCRIPCIÓN FÍSICA
Extensión 360 p., 4 lám. :
Otras características físicas il. ;
Dimensiones 21 cm.
490 1# - MENCIÓN DE SERIE
Mención de serie Cultura religiosa
700 1# - ENTRADA AGREGADA--NOMBRE PERSONAL
Nombre de persona Ruiz y Ruiz, Jesús.
9 (RLIN) 100961
830 0# - PUNTO DE ACCESO ADICIONAL DE SERIE-TÍTULO UNIFORME
Título uniforme Cultura religiosa
9 (RLIN) 187173
852 ## - LOCALIZACIÓN
Ubicación ES-MaACL
Número de control de estantería C-6455
Sublocalización o colección R.35576
Holdings
Estatus retirado Estado de pérdida Estado de daño No para préstamo Biblioteca de origen Biblioteca actual Ubicación en estantería Fecha de adquisición Fuente de adquisición Total de préstamos Signatura topográfica completa Código de barras Visto por última vez Precio de reemplazo Tipo de ítem Koha
        Biblioteca del Ateneo de Madrid Biblioteca del Ateneo de Madrid Sala Palomar 17/01/2008     C-6455 1146225 23/02/2023 23/02/2023 Libro impreso